000 00280nam a2200121Ia 4500
008 191201s2014 xx 000 0 und d
100 _aTANENBAUM,Andrew S
245 0 _aComputer Networks
250 _aIMP
260 _c2014
_bpearson
_aNEW DELHI
300 _a804
942 _2ddc
_cBK
999 _c7896
_d7896